000 00577nam a22002177a 4500
999 _c7036
_d7036
003 Ost
005 20190319140436.0
008 190319b ||||| |||| 00| 0 eng d
020 _a9788131718698
040 _cBT-PhCST
050 _a21397-21400
082 _222
_a005.276
_bSCH
100 _aSchmelzer, Ron.
245 _aXML and Web Services :
_bunleashed /
260 _aIndia :
_bPearson,
_cc2018.
300 _axx, 1172 p. :
_bill. ;
_c24 cm.
500 _aIncludes index.
700 _aVandersypen, Travis.
700 _aBloomberg, Jason...[et al.].
942 _2ddc
_cIT